000 00505nam a22001817a 4500
003 OSt
005 20221214114735.0
008 220915b |||||||| |||| 00| 0 eng d
020 _a3 933096 47 2
040 _cBiblioteca Lado V
082 _a750.11
_bK65a
100 _9497
_aKliege, Malitta
_eautora
245 _aAdrian Schiess Malerei/
260 _aAlemania
_bNeues Museum
_c2001
300 _a86p.
_c22x28cm
700 _aSchies, Adrian
_eautor
942 _2ddc
_c1
_h750
_iK65a
_n0
999 _c2734
_d2734